00414cam a2200169 i 4500001000800000005001700008008004100025010001700066020001500083040001800098041000800116080001200124082001200136100000700148101000800155245008100163177464920180131045955.0770222s1977 coua 101 0 eng  a 77002659  a0891587306 aDLCcDLCdDLC aeng a330 HAR00a330 HAR a52 aMIK04aThe Microeconomic foundations of macroeconomics :cedited by G. C. Harcourt.